000 01576nam a2200397Ii 4500
001 DIGRAMA0421
003 NyNyDIG
008 231029s2023 sp a ob 000 0 spa d
006 m o d
007 cr |||||||||||
035 _a(OCoLC)1409626071
040 _aDGITA
_beng
_erda
_epn
_cDGITA
020 _a9788419857514
_qePub
020 _z9788419857507
_qimpreso
050 1 4 _aHD45 ebook
100 1 _aNolasco Valenzuela, Jorge Santiago,
_eauthor.
245 1 0 _aTecnologías disruptivas :
_bcomprende las herramientas de la sociedad digital /
_cJorge Santiago Nolasco Valenzuela [and 4 others].
264 1 _aParacuellos de Jarama, Madrid :
_bRa-Ma,
_c[2023]
300 _a1 online resource :
_billustrations.
336 _atext
_btxt
_2rdacontent
337 _acomputer
_bc
_2rdamedia
338 _aonline resource
_bcr
_2rdacarrier
347 _atext file
_2rdaft
347 _bEPUB
504 _aIncludes bibliographical references.
588 0 _aOnline resource; title from ePub title page (Digitalia, viewed October 29, 2023)
650 0 _aDisruptive technologies.
650 0 _aTechnological innovations.
650 0 _aComputer security.
791 2 _aDigitalia (Firm),
_edistributor.
793 0 _gDigitalia eBook Collection:
_aRa-Ma Editorial
776 0 8 _iPrint version:
_aNolasco Valenzuela, Jorge Santiago.
_tTecnologías disruptivas.
_dParacuellos de Jarama, Madrid : Ra-Ma, [2023]
_z9788419857507
856 4 0 _3Digitalia Hispánica
_uhttps://www.digitaliapublishing.com/a/129806/
910 _aPremium collection: 2023
942 _cRAA
999 _c280538
_d280538